Politics and the Oval Office : towards presidential governance /

Bibliographic Details
Other Authors: Meltsner, Arnold J., Betts, Richard K., 1947-
Format: Book
Language:English
Published: San Francisco, Calif. : New Brunswich, NJ : Institute for Contemporary Studies ; Available through Transaction Books, Rutgers--The State University, [1981]
Subjects:

MARC

Tag First Indicator Second Indicator Subfields
LEADER 00000pam a2200000 a 4500
001 in00000069588
005 20151008054513.0
008 810212s1981 cau b 00100 eng
010 |a  80069617  
020 |a 0917616405 (pbk.) :  |c $7.95 
020 |a 0878554289 (Transaction Books) :  |c $18.95 
035 |a (OCoLC)07253478 
035 |9 AAJ0854AM 
039 0 |a 2  |b 3  |c 3  |d 3  |e 3 
040 |a DLC  |c DLC  |d TXA  |d UtOrBLW 
043 |a n-us--- 
049 |a TXAM  |c [985554], 2 [1441854] 
050 0 0 |a JK516  |b .P59 
082 0 |a 353.03/1  |2 19 
245 0 0 |a Politics and the Oval Office :  |b towards presidential governance /  |c Arnold J. Meltsner, editor ; Richard K. Betts [and others]. 
264 1 |a San Francisco, Calif. :  |b Institute for Contemporary Studies ;  |a New Brunswich, NJ :  |b Available through Transaction Books, Rutgers--The State University,  |c [1981] 
264 4 |c ©1981 
300 |a xi, 332 pages ;  |c 21 cm. 
336 |a text  |b txt  |2 rdacontent 
337 |a unmediated  |b n  |2 rdamedia 
338 |a volume  |b nc  |2 rdacarrier 
500 |a Includes index. 
504 |a Bibliography: pages 307-314. 
650 0 |a Presidents  |z United States. 
651 0 |a United States  |x Politics and government  |y 1981-1989. 
700 1 |a Meltsner, Arnold J. 
700 1 |a Betts, Richard K.,  |d 1947- 
999 |a MARS 
999 f f |s 786398f9-c3f5-34f1-8541-2ff6c011e91c  |i 470850d2-91de-3d54-8e2f-0e1b0288d6e7  |t 0 
952 f f |p normal  |a Texas A&M University  |b College Station  |c Sterling C. Evans Library  |s Evans stk  |d Evans: Library Stacks  |t 0  |e JK516 .P59  |h Library of Congress classification  |i unmediated -- volume  |m A14806150583 
998 f f |a JK516 .P59  |t 0  |l Evans: Library Stacks